| 000 | 00800nam a2200217 a 4500 | ||
|---|---|---|---|
| 001 | 21631 | ||
| 003 | CO-ViMGA | ||
| 008 | 141112s2004 ck r 000 u spa d | ||
| 020 | _a9583017361 | ||
| 040 |
_aCO-ViMGA _bspa _cCO-ViMGA |
||
| 082 | 0 | 4 | _a325 M651e |
| 100 | 1 | _aMolano, Alfredo | |
| 245 | 1 | 0 |
_aEspaldas mojadas : _bhistorias de maquilas, coyotes y aduanas |
| 260 |
_aBogotá : _bEl ancora, _c2005 |
||
| 300 | _a161 | ||
| 590 | _aForma de adquisición : Donación fact. 8853 - - Precio : 28000 - - Proveedor : Fundación exito - - Fecha de adquisición : Junio 2007 | ||
| 650 | 1 | 4 |
_aEMIGRANTES - RELATOS PERSONALES _930889 |
| 650 | 1 | 4 |
_aESTADOS UNIDOS - EMIGRACION E INMIGRACION - RELATOS PERSONALES _930890 |
| 650 | 1 | 4 |
_aMEXICO - EMIGRACION E INMIGRACION - RELATOS _930891 |
| 942 |
_2ddc _cBK |
||
| 999 |
_c30202 _d30202 |
||